000
00300nam a2200121Ia 4500
005
20251222144725.0
008
251222s9999||||xx |||||||||||||| ||spa||
082
_a
001.42/L12
100
_a
Labarca C., Alexis
245
0
_a
Métodos de Investigación en Educación
264
_b
SIBUMCE
942
_c
LIB
999
_c
18357
_d
18357